Idle fictions = Ficciones de inactividad /
Guardado en:
| Hovedforfatter: | |
|---|---|
| Format: | Ukendt |
| Sprog: | English |
| Udgivet: |
Durham, N.C. :
Duke University Press,
1982.
|
| Fag: | |
| Tags: |
Tilføj Tag
Ingen Tags, Vær først til at tagge denne postø!
|
MARC
| LEADER | 000000000a22000000004500 | ||
|---|---|---|---|
| 001 | 012995 | ||
| 020 | |a 0822305283 | ||
| 041 | 0 | |a eng | |
| 082 | 0 | 4 | |a 863.63 |b P438i |
| 100 | 1 | |a Pérez Firmat, Gustavo, |d 1949- | |
| 245 | 1 | 0 | |a Idle fictions = |b Ficciones de inactividad / |c Gustavo Pérez Firmat. |
| 246 | 3 | 1 | |a Ficciones de inactividad |
| 260 | 1 | |a Durham, N.C. : |b Duke University Press, |c 1982. | |
| 300 | |a 174 páginas ; |c 24 cm. | ||
| 650 | 4 | |a FICION | |
| 650 | 4 | |a SIGLO 20 | |
| 650 | 4 | |a HISTORIA | |
| 650 | 4 | |a CRITICA | |
| 500 | |a Colección George Yúdice | ||
| 999 | |c 18939 |d 18939 | ||
| 942 | |c BK |h 863.63 P438i |2 z | ||



